000 01197nam a2200241 u 4500
001 000312636
003 AM-YeHGA
005 20250617130345.0
008 040226s2000 nyu|||||||||||000|0|eng|d
040 _aAM-YeHGA
041 0 _aeng
245 0 0 _aPhysical techniques in biological research
260 _aNew York :
_bAcademic Press.
300 _av.
_bill.
504 _aIncludes bibliogr. references
505 1 0 _gVol. 1 (1955; xi, 564 p.) :
_tOptical techniques /
_rEd. by Gerald Oster, Arthur W. Pollister ;
_gVol. 2, Part A (1968; xi, 392 p.) :
_tPhysical chemical techniques /
_rEd. by Dan H. Moore ;
_gVol. 3, Part A (1966; xii, 408 p.) :
_tCells and Tissues /
_rEd. by Arthur W. Pollister
_gVol. 4 (1962; xiii, 410 p.) :
_tSpecial methods /
_rEd. by William L. Nastuk ;
_gVol. 5, Part A (1964; xv, 460 p.) :
_tElectrophysiological methods /
_rEd. by William L. Nastuk ;
_gVol. 6, Part B (1963, xiii, 425 p.) :
_tElectrophysiological methods /
_rEd. by Wiliam L. Nastuk
650 1 4 _aBiology
_xOptical techniques
700 1 _aOster, Gerald
_4edt
700 1 _aPollister, Arthur W.
_4edt
700 1 _aNastuk, William L.
_4edt
700 1 _aPollister, Arthur Wagg,
_d1903-
_4edt
090 _c117179
999 _c115834
_d115834